1994 1205 1483 1936 1236 1090 1470 1424 1161 1168 1783 1163 1410 1366 1849 1174 1154 1002 1852 1481 1637 1533 1500 1185 1563 1214 1137 1090 1703 1034 1227 1393 1588 1019 1334 1528 1071 1077 1018 1232 1617 1928 1824 1303 1474 1077 1547 1083 1866 1575 1602 1170 1164 1244 1511 1764 1922 1884 1709 1271 1525 1886 1819 1207 1070 1885 1886 1346 1302 1233 1066 1942 1688 1734 1011 1581 1354 1609 1434 1858 1599 1177 1797 1535 1113 1912 1764 1167 1678 1850 1906 1225 1897 1432 1650 1836 1032 1733 1536 BCNSPRNW ULIB Ver.6.0+V

เปลี่ยนเป็นภาษาไทย

Change to English
 แสดงรายละเอียดบรรณานุกรม
  กลับหน้าหลัก

Brief Record : Get Marc (ISO 2709) : E-mail record : QR code < ปิดหน้าต่าง
LEADER : 00000nam 2200000uu 4500
001    13399112698
003     ULIB
008    110905s2544||||th 000 0 tha d
020    9743469036 (pbk.)
050  4 LB1025.2^bท521ส 2544
100 0  ทิศนา แขมมณี
245 10 14 วิธีสอนสำหรับครูมืออาชีพ /^cทิศนา แขมมณี
250    พิมพ์ครั้งที่ 1
260    กรุงเทพฯ :^bสำนักพิมพ์แห่งจุฬาลงกรณ์มหาวิทยาลัย,^c2544
300    109 หน้า ;^c21 ซม.
500    พิมพ์ครั้งที่ 1 ปี 2543
591    LIRS มีฉบับพิมพ์ (ซ้ำ) ครั้งที่ 3 ปี 2545
591    LIRA มีปี 2544, 2546 (พิมพ์ครั้งที่ 4)
591    LIRV มีปี 2545
591    LIRS มีปี 2545, 2546 (พิมพ์ครั้งที่ 4)
650  4 ครู
650  4 การสอน
650  4 การศึกษา
945    ^p80^l0^i013820
945    ^p80^l0^i013821
945    ^p80^l0^i013822
995    ทศพร
999 ^a ทศพร
รายการนี้ยังไม่มีแท็ก
คุณยังไม่ได้ล็อกอิน คุณสามารถมีกิจกรรมร่วมกับเว็บไซต์ได้ แต่ต้องล็อกอินก่อน ::
  ล็อกอิน

รายการสื่อสารสนเทศ

ลำดับที่ ประเภท เลขเรียก/บาร์โค้ด สถานที่ สถานะ
- ไม่พบข้อมูล -

รายการใกล้เคียง
    ผู้แต่ง [ทิศนา แขมมณี]

    หัวเรื่อง [ครู]
    หัวเรื่อง [การสอน]
    หัวเรื่อง [การศึกษา]

BibComment


ยังไม่เคยถูกคอมเมนท์

คอมเมนท์ทรัพยากรรายการนี้
  คอมเมนท์: 14 วิธีสอนสำหรับค..


 Copyright 2026. Bcnsprnw @Library